| 000 | 00740nam a2200217 i 4500 | ||
|---|---|---|---|
| 001 | 72335 | ||
| 003 | ES-MaACL | ||
| 005 | 20250826063513.0 | ||
| 007 | t| | ||
| 008 | 040831s1954 sp ||||1| spa d | ||
| 100 | 1 |
_aGini, Corrado. _957138 |
|
| 245 | 1 | 0 |
_aEconomía laboral / _cCorrado Gini ; traducción española por Jorge Stecher Navarra. |
| 260 |
_aBarcelona : _bLabor, _c1954 ( _fJuvenil) |
||
| 300 |
_a200 p. ; _c23 cm. |
||
| 490 | 1 | _aEnciclopedia de ciencias jurídicas y sociales | |
| 650 | 7 |
_aEconomía del trabajo _2embne _9165298 |
|
| 700 | 1 |
_aStecher Navarra, Jorge. _9107970 |
|
| 830 | 0 | 0 |
_aEnciclopedia de ciencias jurídicas y sociales _9183357 |
| 852 |
_aES-MaACL _jC-9075 _bR.36886 |
||
| 999 |
_c72335 _d72335 |
||